| 000 | 00508nam a22001817a 4500 | ||
|---|---|---|---|
| 003 | CEME | ||
| 005 | 20210628202522.0 | ||
| 008 | 210209b xxu||||| |||| 00| 0 eng d | ||
| 020 | _a0-07-213495-X | ||
| 040 | _c. | ||
| 082 | _a005.7565 CH | ||
| 100 |
_aKiritzov, Stefan Scardina, Mark Chang, Ben _960297 |
||
| 245 | _aOracle 9i xml handbook, develop xml based e-commerce applications | ||
| 260 |
_aNEW YORK _bMCGRAW HILL _c2001 |
||
| 300 | _aXXIII,495P | ||
| 650 |
_aORACLE 9I _960298 |
||
| 942 |
_cBK _2ddc |
||
| 999 |
_c570060 _d570060 |
||